Common Birds of Atlanta (Record no. 925)

000 -LEADER
fixed length control field 00704nam a22002297a 4500
003 - CONTROL NUMBER IDENTIFIER
control field OSt
005 - DATE AND TIME OF LATEST TRANSACTION
control field 20210426104351.0
008 - FIXED-LENGTH DATA ELEMENTS--GENERAL INFORMATION
fixed length control field 210121s1998 ||||| |||| 00| 0 eng d
020 ## - INTERNATIONAL STANDARD BOOK NUMBER
International Standard Book Number 0966724003
040 ## - CATALOGING SOURCE
Original cataloging agency eng
Language of cataloging eng
Transcribing agency DLC
041 ## - LANGUAGE CODE
Language code of text/sound track or separate title eng
080 ## - UNIVERSAL DECIMAL CLASSIFICATION NUMBER
Universal Decimal Classification number 59
Item number W-68
100 ## - MAIN ENTRY--PERSONAL NAME
9 (RLIN) 678
Personal name Wilson, Jim
245 ## - TITLE STATEMENT
Title Common Birds of Atlanta
Remainder of title : Identification and Photographs of Sixty Bird Species Found in Backyards of Georgia's Piedmont Region
Statement of responsibility, etc. / by: Hexagon Publications
260 ## - PUBLICATION, DISTRIBUTION, ETC.
Place of publication, distribution, etc. McKinnon Dr Decatur GA
Name of publisher, distributor, etc. Hexagon Publications
Date of publication, distribution, etc. 1998
300 ## - PHYSICAL DESCRIPTION
Extent 62 p.
Other physical details ill.
365 ## - TRADE PRICE
Price amount 10 usd
650 #0 - SUBJECT ADDED ENTRY--TOPICAL TERM
9 (RLIN) 466
Topical term or geographic name entry element Zoology
653 ## - INDEX TERM--UNCONTROLLED
Uncontrolled term ზოოლოგია
700 ## - ADDED ENTRY--PERSONAL NAME
9 (RLIN) 679
Personal name Atkins, Anselm
942 ## - ADDED ENTRY ELEMENTS (KOHA)
Source of classification or shelving scheme
Koha item type Books
Holdings
Withdrawn status Lost status Source of classification or shelving scheme Damaged status Not for loan Permanent location Current location Date acquired Inventory number Total Checkouts Full call number Barcode Date last seen Price effective from Koha item type
          Ken Walker International University Ken Walker International University 01/21/2021 2398   59 W-68 2398 01/21/2021 01/21/2021 Books

Powered by Koha